LEADER 00797nam0-2200301 --450 001 9910318832803321 005 20190520114302.0 010 $a3-7705-3402-6 100 $a20190520d2004----kmuy0itay5050 ba 101 0 $ager 102 $aDE 105 $aa 001yy 200 1 $aTheorie des Bildes$fGernot Bohme 205 $a2. Aufl. 2004 210 $aMunchen$cW. Fink$d2004 215 $a136 p.$cill.$d22 cm 610 0 $aArte$aFilosofia 610 0 $aArte$aTeorie$aStoria 676 $a111.85$v22$zita 676 $a701.17$v22$zita 700 1$aBöhme,$bGernot$0386480 801 0$aIT$bUNINA$gREICAT$2UNIMARC 901 $aBK 912 $a9910318832803321 952 $aP.1 FG/T BOH 20$bbibl. 2019$fFLFBC 959 $aFLFBC 996 $aTheorie des Bildes$91553635 997 $aUNINA LEADER 01756oam 2200529zu 450 001 9910130581003321 005 20210807004351.0 010 $a3-433-60132-1 035 $a(CKB)3400000000085589 035 $a(SSID)ssj0000682261 035 $a(PQKBManifestationID)11444992 035 $a(PQKBTitleCode)TC0000682261 035 $a(PQKBWorkID)10678293 035 $a(PQKB)11304085 035 $a(EXLCZ)993400000000085589 100 $a20160829d2002 uy 101 0 $aeng 181 $ctxt 182 $cc 183 $acr 200 10$aStructural bearings 210 31$a[Place of publication not identified]$cErnst & Sohn$d2002 215 $a1 online resource (XII, 393 p.) 300 $aBibliographic Level Mode of Issuance: Monograph 311 $a3-433-01238-5 327 $aStructure and bearing system -- Structure and bearing loads -- Bearing types -- Standards -- Approvals -- Science and research. 606 $aBridges$xBearings$zEurope 606 $aStrains and stresses$xStandards$xBearings 606 $aBridges 606 $aCivil & Environmental Engineering$2HILCC 606 $aEngineering & Applied Sciences$2HILCC 606 $aTransportation Engineering$2HILCC 615 0$aBridges$xBearings 615 0$aStrains and stresses$xStandards$xBearings 615 0$aBridges 615 7$aCivil & Environmental Engineering 615 7$aEngineering & Applied Sciences 615 7$aTransportation Engineering 676 $a624.2/52 700 $aEggert$b Helmut$0921176 702 $aKauschke$b Wolfgang 712 02$aWiley Online Library (Servicio en línea) 801 0$bPQKB 906 $aBOOK 912 $a9910130581003321 996 $aStructural bearings$92066166 997 $aUNINA LEADER 02266nam 2200493z- 450 001 9910557692603321 005 20211118 035 $a(CKB)5400000000044605 035 $a(oapen)https://directory.doabooks.org/handle/20.500.12854/74037 035 $a(oapen)doab74037 035 $a(EXLCZ)995400000000044605 100 $a20202111d2020 |y 0 101 0 $aeng 135 $aurmn|---annan 181 $ctxt$2rdacontent 182 $cc$2rdamedia 183 $acr$2rdacarrier 200 00$aCognitive and Psychiatric Comorbidities in Epilepsy: Insights from Neuroimaging Research 210 $cFrontiers Media SA$d2020 215 $a1 online resource (149 p.) 311 08$a2-88963-898-7 330 $aThis eBook is a collection of articles from a Frontiers Research Topic. Frontiers Research Topics are very popular trademarks of the Frontiers Journals Series: they are collections of at least ten articles, all centered on a particular subject. With their unique mix of varied contributions from Original Research to Review Articles, Frontiers Research Topics unify the most influential researchers, the latest key findings and historical advances in a hot research area! Find out more on how to host your own Frontiers Research Topic or contribute to one as an author by contacting the Frontiers Editorial Office: frontiersin.org/about/contact 517 $aCognitive and Psychiatric Comorbidities in Epilepsy 606 $aMedicine and Nursing$2bicssc 606 $aNeurology and clinical neurophysiology$2bicssc 610 $acognition 610 $aepilepsy 610 $afunctional MRI 610 $amood disorders 610 $astructural MRI 615 7$aMedicine and Nursing 615 7$aNeurology and clinical neurophysiology 700 $aHaag$b Anja$4edt$01306337 702 $aLin Yasuda$b Clarissa$4edt 702 $aWandschneider$b Britta$4edt 702 $aBonelli$b Silvia$4edt 702 $aHaag$b Anja$4oth 702 $aLin Yasuda$b Clarissa$4oth 702 $aWandschneider$b Britta$4oth 702 $aBonelli$b Silvia$4oth 906 $aBOOK 912 $a9910557692603321 996 $aCognitive and Psychiatric Comorbidities in Epilepsy: Insights from Neuroimaging Research$93028400 997 $aUNINA